[Event "Titled Tuesday intern op 16th Apr Early"]
[Site "Chess.com INT"]
[Date "2024.04.16"]
[Round "4"]
[White "Vaicekauskas, Gytis"]
[Black "Vusatiuk, Vladimir"]
[Result "1-0"]
[WhiteElo "2212"]
[BlackElo "2309"]
[PlyCount "59"]
[EventDate "2024.04.16"]
[EventType "swiss (blitz)"]
[EventRounds "11"]
[EventCountry "USA"]
[SourceTitle "CB17_2024"]
[SourceDate "2024.04.24"]
[SourceVersion "1"]
[SourceVersionDate "2024.04.24"]
[SourceQuality "1"]

1. e4 c5 2. Nf3 d6 3. d4 cxd4 4. Nxd4 Nf6 5. Nc3 a6 6. g3 e5 7. Nf3 Be7 8. Bg2 0-0 9. 0-0 b5 10. Re1 Bb7 11. a4 b4 12. Nd5 Nxd5 13. exd5 a5 14. c4 Nd7 15. Nd2 Nc5 16. Ne4 Nxe4 17. Bxe4 f5 18. Bg2 f4 19. Be4 fxg3 20. hxg3 Bg5 21. Qh5 h6 22. Qg6 Qf6 23. Qh7+ Kf7 24. f4 exf4 25. Bxf4 Rh8 26. Bxg5 hxg5 27. Bg6+ Qxg6 28. Rf1+ Qf6 29. Rxf6+ Kxf6 30. Rf1+ 1-0

[Event "LTU-chT"]
[Site "Lithuania"]
[Date "2019.03.30"]
[Round "4.1"]
[White "Valantiejus, Vaidotas"]
[Black "Vaicekauskas, Gytis"]
[Result "1/2-1/2"]
[WhiteElo "2048"]
[BlackElo "2238"]
[PlyCount "20"]
[EventDate "2019.01.26"]
[EventType "team-swiss"]
[EventRounds "7"]
[EventCountry "LTU"]
[SourceTitle "CBM 189 Extra"]
[Source "ChessBase"]
[SourceDate "2019.06.03"]
[SourceVersion "1"]
[SourceVersionDate "2019.06.03"]
[SourceQuality "1"]
[WhiteTeam "Vilnius Pasaku"]
[BlackTeam "Kaunas Gambiteriai"]
[WhiteTeamCountry "LTU"]
[BlackTeamCountry "LTU"]

1. e4 g6 2. d4 Bg7 3. Nc3 d6 4. f4 Nd7 5. Nf3 c5 6. d5 a6 7. a4 b6 8. Bc4 Qc7 9. 0-0 Nh6 10. Qe1 Bb7 1/2-1/2

[Event "LTU-chT rapid"]
[Site "Marijampole"]
[Date "2018.11.10"]
[Round "1.6"]
[White "Bandza, Rokas"]
[Black "Vaicekauskas, Gytis"]
[Result "1/2-1/2"]
[WhiteElo "1746"]
[BlackElo "2165"]
[PlyCount "41"]
[EventDate "2018.11.10"]
[EventType "team-swiss (rapid)"]
[EventRounds "7"]
[EventCountry "LTU"]
[SourceTitle "EXT 2020"]
[Source "ChessBase"]
[SourceDate "2019.10.17"]
[SourceVersion "1"]
[SourceVersionDate "2019.10.17"]
[SourceQuality "1"]

1. e4 e5 2. Nf3 Nc6 3. Bb5 a6 4. Bxc6 dxc6 5. Nc3 Bd6 6. d4 Bg4 7. dxe5 Bxf3 8. Qxf3 Bxe5 9. Bf4 Qf6 10. Bxe5 Qxe5 11. Qg3 Qxg3 12. hxg3 0-0-0 13. Rd1 Nf6 14. f3 Rxd1+ 15. Nxd1 Re8 16. Kf2 h5 17. Ne3 g6 18. Rd1 Re5 19. c3 Ra5 20. a3 Rb5 21. Nc4 1/2-1/2

[Event "LTU-chT"]
[Site "Lithuania"]
[Date "2018.04.15"]
[Round "7.2"]
[White "Mista, Aleksander"]
[Black "Vaicekauskas, Gytis"]
[Result "1-0"]
[WhiteElo "2582"]
[BlackElo "2210"]
[PlyCount "49"]
[EventDate "2018.01.27"]
[EventType "team-swiss"]
[EventRounds "7"]
[EventCountry "LTU"]
[SourceTitle "EXT 2019"]
[Source "ChessBase"]
[SourceDate "2018.10.10"]
[SourceVersion "1"]
[SourceVersionDate "2018.10.10"]
[SourceQuality "1"]
[WhiteTeam "Kaunas Margiris"]
[BlackTeam "Kaunas Gambiteriai"]
[WhiteTeamCountry "LTU"]
[BlackTeamCountry "LTU"]

1. e4 e5 2. Nf3 Nc6 3. Bb5 a6 4. Ba4 Nf6 5. 0-0 b5 6. Bb3 Be7 7. Re1 0-0 8. d3 Bb7 9. a4 b4 10. Nbd2 d5 11. exd5 Nxd5 12. Nxe5 Nd4 13. Qg4 c5 14. c3 bxc3 15. bxc3 Nxb3 16. Nxb3 Qb6 17. Rb1 Nxc3 18. Nd7 Qb4 19. Bf4 Nxb1 20. Rxe7 Bc8 21. Nf6+ Kh8 22. Qh5 gxf6 23. Qh6 Be6 24. Qxf6+ Kg8 25. Qg5+ 1-0

[Event "LTU-chT"]
[Site "Lithuania"]
[Date "2018.04.14"]
[Round "6.2"]
[White "Vaicekauskas, Gytis"]
[Black "Klabis, Rokas"]
[Result "1/2-1/2"]
[WhiteElo "2210"]
[BlackElo "2366"]
[PlyCount "164"]
[EventDate "2018.01.27"]
[EventType "team-swiss"]
[EventRounds "7"]
[EventCountry "LTU"]
[SourceTitle "EXT 2019"]
[Source "ChessBase"]
[SourceDate "2018.10.10"]
[SourceVersion "1"]
[SourceVersionDate "2018.10.10"]
[SourceQuality "1"]
[WhiteTeam "Kaunas Gambiteriai"]
[BlackTeam "Siauliai Tomas"]
[WhiteTeamCountry "LTU"]
[BlackTeamCountry "LTU"]

1. e4 e5 2. Nf3 Nf6 3. Nc3 Nc6 4. d4 exd4 5. Nxd4 Bb4 6. Nxc6 bxc6 7. Bd3 d5 8. exd5 cxd5 9. 0-0 0-0 10. Bg5 c6 11. Qf3 Bd6 12. Ne2 Be5 13. Bf4 Bg4 14. Qg3 Bxe2 15. Bxe2 Ne4 16. Qf3 Qf6 17. Bxe5 Qxe5 18. Bd3 f5 19. Bxe4 fxe4 20. Qc3 Qxc3 21. bxc3 Rab8 22. Rab1 Rb5 23. Rb3 Rfb8 24. f3 exf3 25. Rxf3 R8b6 26. Rf4 Ra5 27. c4 Rxb3 28. axb3 Ra1+ 29. Kf2 Rc1 30. cxd5 Rxc2+ 31. Kf3 cxd5 32. Ra4 Rc3+ 33. Kf4 Rxb3 34. Rxa7 Rb8 35. Rd7 Rb2 36. g4 Rxh2 37. Rxd5 Rf2+ 38. Kg3 Re2 39. Ra5 Kf7 40. Ra7+ Re7 41. Ra6 Re6 42. Ra7+ Kf6 43. Ra3 h6 44. Kf4 Rc6 45. Ra5 Rc4+ 46. Kf3 Rc3+ 47. Kf4 Rc4+ 48. Kf3 Rd4 49. Ra7 g6 50. Ra5 Rd1 51. Kf4 Rf1+ 52. Kg3 Re1 53. Kf4 g5+ 54. Kf3 Re6 55. Rb5 Rc6 56. Ra5 Ke6 57. Ke4 Rc4+ 58. Kf3 Rf4+ 59. Kg3 Rd4 60. Ra6+ Rd6 61. Ra5 Rd3+ 62. Kg2 Rd5 63. Ra6+ Ke5 64. Rxh6 Rd2+ 65. Kg3 Rd3+ 66. Kg2 Kf4 67. Ra6 Rd2+ 68. Kg1 Kxg4 69. Ra3 Kf4 70. Rb3 g4 71. Ra3 Re2 72. Kf1 Rb2 73. Kg1 g3 74. Ra8 Rb4 75. Rf8+ Kg4 76. Rg8+ Kf3 77. Rf8+ Rf4 78. Rxf4+ Kxf4 79. Kg2 Kg4 80. Kg1 Kf3 81. Kf1 g2+ 82. Kg1 Kg3 1/2-1/2

[Event "EU-ch blitz"]
[Site "Katowice"]
[Date "2017.12.15"]
[Round "20"]
[White "Vaicekauskas, Gytis"]
[Black "Jahncke, Giso"]
[Result "0-1"]
[WhiteElo "2210"]
[BlackElo "2403"]
[PlyCount "66"]
[EventDate "2017.12.15"]
[EventType "swiss (blitz)"]
[EventRounds "22"]
[EventCountry "POL"]
[SourceTitle "CBM 182 Extra"]
[Source "ChessBase"]
[SourceDate "2018.02.23"]
[SourceVersion "1"]
[SourceVersionDate "2018.02.23"]
[SourceQuality "1"]

1. e4 d5 2. exd5 Nf6 3. c4 e6 4. Nc3 exd5 5. d4 Bb4 6. Nf3 0-0 7. Be3 Ng4 8. Qb3 Nxe3 9. fxe3 Bxc3+ 10. Qxc3 Bg4 11. Be2 dxc4 12. Qxc4 Qe7 13. Qc3 Re8 14. Kf2 Nd7 15. Rhe1 c5 16. Rad1 Rac8 17. d5 Nf6 18. Qb3 c4 19. Bxc4 Ne4+ 20. Kg1 Bxf3 21. gxf3 Qg5+ 22. Kf1 Nc5 23. Qa3 Qh4 24. Rd2 Ne4 25. fxe4 Rxc4 26. d6 Qxe4 27. d7 Rd8 28. Qd3 Qh1+ 29. Ke2 Qxh2+ 30. Kd1 Qh5+ 31. Qe2 Qc5 32. Qd3 Rc1+ 33. Ke2 Qh5+ 0-1

[Event "Baltic zt"]
[Site "Liepaja"]
[Date "2017.06.21"]
[Round "8"]
[White "Klabis, Rokas"]
[Black "Vaicekauskas, Gytis"]
[Result "1/2-1/2"]
[WhiteElo "2348"]
[BlackElo "2207"]
[PlyCount "106"]
[EventDate "2017.06.16"]
[EventType "swiss"]
[EventRounds "9"]
[EventCountry "LAT"]
[SourceTitle "CBM 179 Extra"]
[Source "ChessBase"]
[SourceDate "2017.08.23"]
[SourceVersion "1"]
[SourceVersionDate "2017.08.23"]
[SourceQuality "1"]

1. e4 e5 2. Bc4 Bc5 3. d3 Nc6 4. Nf3 Nf6 5. 0-0 0-0 6. Nc3 d6 7. h3 h6 8. Na4 Bb6 9. Nxb6 axb6 10. a3 Be6 11. Re1 Bxc4 12. dxc4 Nd7 13. g3 Qf6 14. Kg2 Qe6 15. Nh4 Ne7 16. Qg4 f5 17. exf5 Nxf5 18. Nxf5 Qxf5 19. Be3 Nc5 20. Qxf5 Rxf5 21. b3 Raf8 22. a4 Ne4 23. f4 Nxg3 24. fxe5 Ne4 25. exd6 Nxd6 26. Rad1 R8f6 27. Rd4 h5 28. Bg1 Rg5+ 29. Kh2 Nf5 30. Rd8+ Kh7 31. Bf2 Rf7 32. Rg1 Kg6 33. Rxg5+ Kxg5 34. c5 bxc5 35. Bxc5 b6 36. Bf2 Re7 37. Rd2 Kf4 38. Kg2 g5 39. c4 Ne3+ 40. Kg1 g4 41. hxg4 hxg4 42. Bh4 Rh7 43. Rf2+ Ke4 44. Bg3 Rg7 45. Rf4+ Kd3 46. c5 bxc5 47. a5 Rg6 48. Rf7 Ra6 49. Rd7+ Kc2 50. Bf2 Nd1 51. Bxc5 Rxa5 52. b4 Rb5 53. Rxc7 Kb3 1/2-1/2

[Event "Baltic zt"]
[Site "Liepaja"]
[Date "2017.06.20"]
[Round "6"]
[White "Vaicekauskas, Gytis"]
[Black "Seeman, Tarvo"]
[Result "1/2-1/2"]
[WhiteElo "2207"]
[BlackElo "2411"]
[PlyCount "113"]
[EventDate "2017.06.16"]
[EventType "swiss"]
[EventRounds "9"]
[EventCountry "LAT"]
[SourceTitle "CBM 179 Extra"]
[Source "ChessBase"]
[SourceDate "2017.08.23"]
[SourceVersion "1"]
[SourceVersionDate "2017.08.23"]
[SourceQuality "1"]

1. e4 c5 2. Nf3 g6 3. g3 Bg7 4. Bg2 Nf6 5. Nc3 Nc6 6. 0-0 0-0 7. d4 cxd4 8. Nxd4 Nxe4 9. Nxc6 Nxc3 10. Nxd8 Nxd1 11. Nxb7 Nxb2 12. Rb1 Bxb7 13. Bxb7 Rab8 14. Bxb2 Rxb7 15. Bxg7 Rxb1 16. Rxb1 Kxg7 17. Rb7 Rd8 18. Rxa7 Kf6 19. Kf1 Rc8 20. Rxd7 Rxc2 21. a4 g5 22. h3 h5 23. a5 Ra2 24. Rd5 e6 25. Rb5 Kg6 26. Re5 Ra4 27. Kg2 h4 28. g4 Ra3 29. Kh2 Kf6 30. Rb5 e5 31. Kg2 e4 32. Rb4 e3 33. fxe3 Rxa5 34. Rb2 Ra3 35. Kf3 Ra1 36. Kg2 Re1 37. Kf2 Rd1 38. Kg2 Ke5 39. Rf2 Ke6 40. Ra2 Re1 41. Kf2 Rh1 42. Kg2 Rd1 43. Kf2 Ke5 44. Ra5+ Rd5 45. Ra2 Rc5 46. Rb2 f6 47. Ra2 Ke4 48. Ra4+ Kd5 49. Ra2 Rc4 50. Kf3 Rc5 51. Rd2+ Ke5 52. Ra2 Rb5 53. Kf2 Rb4 54. Kf3 Rb5 55. Kf2 Rb1 56. Ra5+ Ke6 57. Ra6+ 1/2-1/2

[Event "LTU-chT"]
[Site "Lithuania"]
[Date "2017.03.19"]
[Round "7.2"]
[White "Vaicekauskas, Gytis"]
[Black "Vaznonis, Vytautas"]
[Result "0-1"]
[WhiteElo "2228"]
[BlackElo "2383"]
[PlyCount "72"]
[EventDate "2017.01.28"]
[EventType "team-swiss"]
[EventRounds "7"]
[EventCountry "LTU"]
[SourceTitle "EXT 2018"]
[Source "ChessBase"]
[SourceDate "2017.10.13"]
[SourceVersion "1"]
[SourceVersionDate "2017.10.13"]
[SourceQuality "1"]
[WhiteTeam "Plunge Bokstas"]
[BlackTeam "Makabi LSK"]
[WhiteTeamCountry "LTU"]
[BlackTeamCountry "LTU"]

1. e4 e6 2. d4 d5 3. Nc3 Nf6 4. Bg5 Be7 5. e5 Nfd7 6. h4 0-0 7. Qg4 f6 8. Bd3 Rf7 9. Nf3 Nc6 10. Nxd5 exd5 11. e6 Bb4+ 12. c3 Re7 13. 0-0-0 Nf8 14. Bxf6 Bxe6 15. Qg5 h6 16. Qg3 Bd6 17. Ne5 Bxe5 18. dxe5 Qd7 19. Bxe7 Nxe7 20. Bc2 Bf5 21. Qe3 Bxc2 22. Kxc2 Qf5+ 23. Kc1 Ne6 24. g3 c5 25. f4 h5 26. Qf3 b5 27. Rh2 a5 28. Rc2 Rc8 29. Qd3 Qxd3 30. Rxd3 Kf7 31. f5 Nxf5 32. Rxd5 Ke7 33. Rd3 c4 34. Rf3 g6 35. Rg2 Nc5 36. Kc2 Nd3 0-1

[Event "LTU-chT"]
[Site "Lithuania"]
[Date "2017.03.18"]
[Round "6.3"]
[White "Mickevicius, Juras"]
[Black "Vaicekauskas, Gytis"]
[Result "1-0"]
[WhiteElo "2297"]
[BlackElo "2228"]
[PlyCount "63"]
[EventDate "2017.01.28"]
[EventType "team-swiss"]
[EventRounds "7"]
[EventCountry "LTU"]
[SourceTitle "EXT 2018"]
[Source "ChessBase"]
[SourceDate "2017.10.13"]
[SourceVersion "1"]
[SourceVersionDate "2017.10.13"]
[SourceQuality "1"]
[WhiteTeam "Vilnius Chess United"]
[BlackTeam "Plunge Bokstas"]
[WhiteTeamCountry "LTU"]
[BlackTeamCountry "LTU"]

1. d4 d5 2. c4 e5 3. dxe5 d4 4. Nf3 Nc6 5. a3 Nge7 6. b4 Ng6 7. Bb2 a5 8. b5 Ncxe5 9. Nxe5 Nxe5 10. e3 Be6 11. Bxd4 Nxc4 12. Qc2 Nd6 13. Bd3 Qg5 14. f4 Qh4+ 15. g3 Qh5 16. 0-0 Nxb5 17. f5 Bd7 18. Bxb5 Bxb5 19. Qe4+ Be7 20. Qxb7 Bxf1 21. Qxa8+ Kd7 22. Qd5+ Bd6 23. Kxf1 Qd1+ 24. Kf2 Re8 25. Qf3 Qc2+ 26. Qe2 Qxf5+ 27. Kg1 c5 28. Qb5+ Ke7 29. Nc3 Kf8 30. Bxg7+ Kxg7 31. Qxe8 Be5 32. Rf1 1-0

[Event "LTU-ch"]
[Site "Vilnius"]
[Date "2017.02.26"]
[Round "2"]
[White "Novikovas, Anatolijus"]
[Black "Vaicekauskas, Gytis"]
[Result "1/2-1/2"]
[WhiteElo "1862"]
[BlackElo "2228"]
[PlyCount "34"]
[EventDate "2017.02.25"]
[EventType "swiss"]
[EventRounds "9"]
[EventCountry "LTU"]
[SourceTitle "CBM 177 Extra"]
[Source "ChessBase"]
[SourceDate "2017.04.27"]
[SourceVersion "1"]
[SourceVersionDate "2017.04.27"]
[SourceQuality "1"]

1. e4 e5 2. Nf3 Nc6 3. d4 exd4 4. Nxd4 Nf6 5. Nxc6 bxc6 6. e5 Qe7 7. Qe2 Nd5 8. c4 Ba6 9. b3 g6 10. Bb2 Bg7 11. g3 0-0 12. Bg2 Rfe8 13. f4 Qc5 14. Ba3 Qe3 15. Nd2 Bxe5 16. fxe5 Qd4 17. 0-0-0 Nc3 1/2-1/2

[Event "Plunge op 36th"]
[Site "Plateliai"]
[Date "2016.07.22"]
[Round "7"]
[White "Juksta, Karolis"]
[Black "Vaicekauskas, Gytis"]
[Result "0-1"]
[WhiteElo "2022"]
[BlackElo "2227"]
[PlyCount "90"]
[EventDate "2016.07.18"]
[EventType "swiss"]
[EventRounds "9"]
[EventCountry "LTU"]
[SourceTitle "EXT 2018"]
[Source "ChessBase"]
[SourceDate "2017.10.13"]
[SourceVersion "1"]
[SourceVersionDate "2017.10.13"]
[SourceQuality "1"]

1. d4 d5 2. c4 e5 3. dxe5 d4 4. a3 Nc6 5. e3 Nge7 6. Nf3 Nf5 7. exd4 Nfxd4 8. Nxd4 Qxd4 9. Qxd4 Nxd4 10. Bd3 Nb3 11. Be3 Nxa1 12. Nd2 g6 13. 0-0 Bg7 14. Bf4 Be6 15. Rxa1 0-0-0 16. Be2 Rhe8 17. h3 Bxe5 18. Bxe5 Rxd2 19. Bf1 Red8 20. f3 Bf5 21. Bc3 Rd1 22. Rxd1 Rxd1 23. Kf2 Bd3 24. Bxd3 Rxd3 25. Ke2 Rd6 26. Bb4 Re6+ 27. Kd3 Kd7 28. Bd2 Kc6 29. Be3 a6 30. Bf2 b5 31. cxb5+ axb5 32. Bg3 Kb6 33. Bf2+ Kc6 34. Bg3 Kd7 35. Kd2 c5 36. Bf2 Kc6 37. h4 f5 38. g3 Kd5 39. Kd3 h6 40. f4 Re4 41. Kd2 Kc4 42. Bg1 Kb3 43. Bxc5 Kxb2 44. Bf8 h5 45. Bc5 Ra4 0-1

[Event "Plunge op 36th"]
[Site "Plateliai"]
[Date "2016.07.20"]
[Round "4"]
[White "Vaicekauskas, Gytis"]
[Black "Bucinskas, Lukas"]
[Result "1-0"]
[WhiteElo "2227"]
[BlackElo "1900"]
[PlyCount "111"]
[EventDate "2016.07.18"]
[EventType "swiss"]
[EventRounds "9"]
[EventCountry "LTU"]
[SourceTitle "EXT 2018"]
[Source "ChessBase"]
[SourceDate "2017.10.13"]
[SourceVersion "1"]
[SourceVersionDate "2017.10.13"]
[SourceQuality "1"]

1. e4 Nc6 2. Nf3 Nf6 3. e5 Nd5 4. d4 d6 5. c4 Nb6 6. e6 fxe6 7. Nc3 e5 8. d5 Nb4 9. a3 Na6 10. Ng5 Bf5 11. c5 Nxc5 12. b4 Ncd7 13. Qf3 Bg6 14. Ne6 Qc8 15. Nb5 Nf6 16. Nbxc7+ Kf7 17. Nxa8 Nbxd5 18. Ng5+ Kg8 19. Bd2 Qxa8 20. Bc4 b6 21. Qb3 h6 22. Ne6 Bf7 23. Nc7 Qb7 24. Nxd5 Nxd5 25. 0-0 b5 26. Bxd5 Bxd5 27. Qg3 Kh7 28. Rac1 Bc4 29. Rfe1 g6 30. f4 exf4 31. Qxf4 Bg7 32. Bc3 e5 33. Qd2 Qb8 34. a4 a6 35. axb5 axb5 36. Qe3 Re8 37. Ra1 d5 38. Ra7 Re6 39. Rxg7+ Kxg7 40. Bxe5+ Qxe5 41. Qxe5+ Rxe5 42. Rxe5 Kf6 43. Re8 d4 44. Kf2 d3 45. Ke3 h5 46. g3 Kg5 47. Rc8 Kf5 48. h4 Ke5 49. Rc6 Kf5 50. Kd2 Ke4 51. Rxg6 Kf3 52. Rg5 Kg2 53. g4 Kh3 54. gxh5 Kxh4 55. Rc5 Kg4 56. h6 1-0

[Event "Plunge op 36th"]
[Site "Plateliai"]
[Date "2016.07.19"]
[Round "3"]
[White "Narmontas, Raimondas"]
[Black "Vaicekauskas, Gytis"]
[Result "1/2-1/2"]
[WhiteElo "1983"]
[BlackElo "2227"]
[PlyCount "69"]
[EventDate "2016.07.18"]
[EventType "swiss"]
[EventRounds "9"]
[EventCountry "LTU"]
[SourceTitle "EXT 2018"]
[Source "ChessBase"]
[SourceDate "2017.10.13"]
[SourceVersion "1"]
[SourceVersionDate "2017.10.13"]
[SourceQuality "1"]

1. e4 e5 2. Nf3 Nc6 3. Bb5 a6 4. Bxc6 dxc6 5. d3 Bd6 6. Nbd2 Bg4 7. h3 Be6 8. Nc4 Qf6 9. Ne3 Qe7 10. Bd2 f6 11. Qe2 Nh6 12. Nc4 Nf7 13. Na5 Rb8 14. g4 Bb4 15. Nb3 Bxd2+ 16. Qxd2 c5 17. Qc3 b6 18. a4 a5 19. Nbd2 Kd7 20. 0-0-0 g5 21. Nf1 h5 22. Ne3 Kc8 23. Nf5 Qd7 24. b3 Kb7 25. Nd2 Rh7 26. f3 Rbh8 27. Ng3 hxg4 28. hxg4 Nd6 29. Rxh7 Rxh7 30. Nh5 Qe7 31. Nf1 Ne8 32. Nfg3 Rf7 33. Rh1 Qf8 34. Qd2 Qh8 35. Qg2 1/2-1/2

[Event "LTU-chT"]
[Site "Lithuania"]
[Date "2016.04.02"]
[Round "6.5"]
[White "Ivanauskas, Raimundas"]
[Black "Vaicekauskas, Gytis"]
[Result "0-1"]
[WhiteElo "1729"]
[BlackElo "2210"]
[PlyCount "42"]
[EventDate "2016.01.23"]
[EventType "team-swiss"]
[EventRounds "7"]
[EventCountry "LTU"]
[SourceTitle "EXT 2017"]
[Source "ChessBase"]
[SourceDate "2016.10.25"]
[SourceVersion "1"]
[SourceVersionDate "2016.10.25"]
[SourceQuality "1"]
[WhiteTeam "Rokiskis"]
[BlackTeam "Plunge Bokstas"]
[WhiteTeamCountry "LTU"]
[BlackTeamCountry "LTU"]

1. e4 e5 2. Nf3 Nc6 3. Bc4 Nf6 4. Ng5 d5 5. exd5 Nd4 6. c3 b5 7. Bf1 Nxd5 8. cxd4 Qxg5 9. Bxb5+ Kd8 10. 0-0 Bb7 11. Qf3 Rb8 12. Qh3 Bc8 13. Qb3 Nf4 14. Qg3 Qf5 15. Bc4 Rb4 16. Qc3 Qg4 17. Qg3 Rxc4 18. Qxg4 Bxg4 19. Na3 Bxa3 20. bxa3 exd4 21. f3 Bd7 0-1

[Event "LTU-ch"]
[Site "Kaunas"]
[Date "2015.04.30"]
[Round "9"]
[White "Vaicekauskas, Gytis"]
[Black "Pultinevicius, Paulius"]
[Result "1-0"]
[WhiteElo "2202"]
[BlackElo "2182"]
[PlyCount "71"]
[EventDate "2015.04.24"]
[EventType "tourn"]
[EventRounds "9"]
[EventCountry "LTU"]
[EventCategory "5"]
[SourceTitle "CBM 166 Extra"]
[Source "ChessBase"]
[SourceDate "2015.06.18"]
[SourceVersion "1"]
[SourceVersionDate "2015.06.18"]
[SourceQuality "1"]

1. e4 g6 2. d4 Bg7 3. Nc3 c6 4. Nf3 d5 5. h3 Nh6 6. Bf4 f6 7. Qd2 Nf7 8. e5 0-0 9. 0-0-0 b5 10. Kb1 fxe5 11. Nxe5 Nxe5 12. Bxe5 Nd7 13. Bxg7 Kxg7 14. h4 Nf6 15. h5 b4 16. hxg6 hxg6 17. Qh6+ Kf7 18. Bd3 Bf5 19. Bxf5 gxf5 20. Ne2 Rh8 21. Qf4 Qd7 22. Nc1 Rxh1 23. Rxh1 Rg8 24. Nd3 Qc8 25. g3 a5 26. Kc1 Ke8 27. Qe5 Kf7 28. Re1 Re8 29. f3 e6 30. g4 Qd7 31. g5 Ng8 32. Rh1 Kf8 33. Nf4 Qf7 34. Rh8 Re7 35. g6 Qg7 36. Qb8+ 1-0

[Event "LTU-ch"]
[Site "Kaunas"]
[Date "2015.04.28"]
[Round "7"]
[White "Vaicekauskas, Gytis"]
[Black "Sakalauskas, Vaidas"]
[Result "0-1"]
[WhiteElo "2202"]
[BlackElo "2390"]
[PlyCount "155"]
[EventDate "2015.04.24"]
[EventType "tourn"]
[EventRounds "9"]
[EventCountry "LTU"]
[EventCategory "5"]
[SourceTitle "CBM 166 Extra"]
[Source "ChessBase"]
[SourceDate "2015.06.18"]
[SourceVersion "1"]
[SourceVersionDate "2015.06.18"]
[SourceQuality "1"]

1. e4 c5 2. Nf3 Nc6 3. c3 Nf6 4. e5 Nd5 5. d4 cxd4 6. cxd4 d6 7. Bc4 Nb6 8. Bb5 dxe5 9. Nxe5 Bd7 10. Bxc6 Bxc6 11. Nxc6 bxc6 12. Nc3 g6 13. 0-0 Bg7 14. Be3 0-0 15. Rc1 Rc8 16. Qe2 Qd7 17. Rfd1 Rfd8 18. Qa6 Rb8 19. b3 Qb7 20. Qa3 Nd5 21. Ne4 Rbc8 22. Nc5 Qb6 23. Bd2 Bxd4 24. Ba5 Bxc5 25. Rxc5 Qa6 26. Qc1 Nf4 27. Qb1 Rxd1+ 28. Qxd1 Nd3 29. Rg5 h6 30. Rg3 Nf4 31. Rf3 Qxa5 32. Rxf4 Rd8 33. Qc1 Qxa2 34. h4 Qxb3 35. Qxc6 Qd1+ 36. Kh2 Qd6 37. Qc4 e6 38. g3 Qd5 39. Qc7 Rd7 40. Qb8+ Kg7 41. Qb2+ e5 42. Rb4 Kh7 43. Rb5 Qd2 44. Qxd2 Rxd2 45. Kg2 Kg7 46. Rxe5 Rd6 47. Re7 a5 48. Ra7 Rd5 49. Ra6 h5 50. Kh3 Rf5 51. Kg2 Kf8 52. Ra7 Ke8 53. f3 Kf8 54. Kh2 Rb5 55. Kh3 Ke8 56. Kg2 Rf5 57. Kf2 Kd8 58. Ke3 Kc8 59. g4 Kb8 60. Ra6 Kb7 61. Rd6 Rc5 62. gxh5 gxh5 63. Rd7+ Kb6 64. Rxf7 a4 65. Rf8 Ra5 66. Rb8+ Kc5 67. Rb2 a3 68. Ra2 Kc4 69. Kf4 Kb3 70. Ra1 a2 71. Rh1 Ka3 72. Rg1 Rb5 73. Re1 Rb1 74. Re3+ Kb4 75. Re4+ Kb5 76. Re5+ Kc6 77. Ra5 a1Q 78. Rxa1 0-1

[Event "LTU-chT"]
[Site "Lithuania"]
[Date "2015.02.15"]
[Round "4.5"]
[White "Vaicekauskas, Gytis"]
[Black "Valantiejus, Vaidotas"]
[Result "1-0"]
[WhiteElo "2171"]
[BlackElo "2066"]
[PlyCount "143"]
[EventDate "2015.01.24"]
[EventType "team-tourn"]
[EventRounds "7"]
[EventCountry "LTU"]
[SourceTitle "EXT 2016"]
[Source "ChessBase"]
[SourceDate "2015.10.08"]
[SourceVersion "1"]
[SourceVersionDate "2015.10.08"]
[SourceQuality "1"]
[WhiteTeam "Plunge Bokstas"]
[BlackTeam "Vilnius Fortas"]
[WhiteTeamCountry "LTU"]
[BlackTeamCountry "LTU"]

1. Nc3 c5 2. e4 d6 3. f4 g6 4. Nf3 Bg7 5. Bc4 Nc6 6. 0-0 Nf6 7. d3 0-0 8. Kh1 e6 9. Qe1 Nd4 10. Nxd4 cxd4 11. Nd1 d5 12. Bb3 dxe4 13. dxe4 b6 14. Nf2 Bb7 15. Bc4 Qc7 16. Bd3 Qc6 17. Qe2 a6 18. Bd2 Nd7 19. Nh3 Nc5 20. Bb4 Rfd8 21. Bxc5 bxc5 22. Rae1 a5 23. Bb5 Qb6 24. f5 exf5 25. exf5 Ba6 26. Bxa6 Qxa6 27. fxg6 hxg6 28. Qe7 Rf8 29. Qh4 Rfe8 30. Rb1 Ra7 31. Rf3 Rae7 32. Ng5 f5 33. g4 Re3 34. Rbf1 Rxf3 35. Rxf3 Re3 36. Qh7+ Kf8 37. gxf5 Rxf3 38. Ne6+ Ke7 39. Qxg7+ Kd6 40. Qc7+ Kd5 41. Qxc5+ Ke4 42. Qxd4+ Kxf5 43. Qd5+ Kf6 44. Qxf3+ Kxe6 45. Qe4+ Kf6 46. Kg2 Kg7 47. h4 Qd6 48. Kf3 Qc5 49. c4 Qb4 50. Qd4+ Kh7 51. a3 Qb7+ 52. Ke3 Qg2 53. c5 Qg1+ 54. Kd3 Qd1+ 55. Kc3 Qf3+ 56. Kc4 Qe2+ 57. Kd5 Qf3+ 58. Kd6 Qg3+ 59. Kd7 Qh3+ 60. Kd8 Qf3 61. Qd7+ Kh6 62. c6 Qf6+ 63. Kc8 Qxb2 64. Qe7 Qh8+ 65. Kb7 Qb2+ 66. Ka6 Qc3 67. c7 Qc4+ 68. Ka7 Qd4+ 69. Kb8 Qb6+ 70. Kc8 Qd4 71. Qd8 Qf4 72. Kb8 1-0